Every Song by Evanescence - Statistics

General Stats
  • This quiz has been taken 188 times
    130 since last reset
  • The average score is 36 of 85
Answer Stats
Hint Answer % Correct
Fallen(2003) Bring Me to Life
97%
Evanescence(1998) My Immortal
86%
Fallen(2003) My Immortal
86%
Fallen(2003) Going Under
81%
The Open Door(2006) Lithium
78%
The Open Door(2006) Call Me When You're Sober
77%
Fallen(2003) Everybody's Fool
72%
Fallen(2003) Hello
66%
Fallen(2003) Haunted
64%
Evanescence(1998) Imaginary
64%
Fallen(2003) Imaginary
64%
Sound Asleep(1999) Whisper
64%
Fallen(2003) Whisper
64%
The Open Door(2006) Sweet Sacrifice
61%
Fallen(2003) My Last Breath
58%
Fallen(2003) Taking Over Me
55%
Evanescence(2011) What You Want
55%
Evanescence(2011) My Heart is Broken
52%
The Open Door(2006) Good Enough
50%
The Open Door(2006) Weight of the World
50%
The Open Door(2006) Lacrymosa
48%
The Open Door(2006) All That I'm Living For
47%
Evanescence(2011) Lost in Paradise
47%
The Open Door(2006) Your Star
47%
The Open Door(2006) Cloud Nine
45%
Synthesis(2017) Hi-Lo
45%
Origin(2000) Origin (Intro)
45%
The Open Door(2006) Snow White Queen
45%
Evanescence(2011) Made of Stone
44%
The Bitter Truth(2021) Artifact/The Turn
41%
Lost Whispers(2016) Missing
41%
Evanescence(2011) Oceans
41%
Evanescence(2011) Sick
41%
Evanescence(2011) The Change
41%
The Bitter Truth(2021) Wasted on You
41%
The Open Door(2006) Like You
39%
The Open Door(2006) Lose Control
39%
Evanescence(2011) Never Go Back
39%
Evanescence(1998) The End
39%
The Bitter Truth(2021) Better Without You
38%
The Bitter Truth(2021) Broken Pieces Shine
38%
Evanescence(2011) Erase This
38%
Evanescence(2011) Swimming Home
38%
The Bitter Truth(2021) Yeah Right
38%
Origin(2000) Even in Death
36%
Origin(2000) Lies
36%
Synthesis(2017) The End of the Dream
36%
The Bitter Truth(2021) Use My Voice
36%
Origin(2000) Anywhere
34%
The Bitter Truth(2021) Blind Belief
34%
Evanescence(Bonus)(2011) Disappear
34%
Synthesis(2017) Imperfection
34%
Lost Whispers(2016) Lost Whispers
34%
The Open Door(2006) The Only One
34%
Evanescence(2011) The Other Side
34%
Fallen(Bonus)(2003) Farther Away
33%
Evanescence(Bonus)(2011) New Way to Bleed
33%
Evanescence(Bonus)(2011) Secret Door
33%
The Bitter Truth(2021) Take Cover
33%
The Bitter Truth(2021) The Game is Over
33%
Evanescence(Bonus)(2011) The Last Song I'm Wasting on You
33%
Lost Whispers(2016) Breathe No More
31%
The Bitter Truth(2021) Far from Heaven
31%
The Bitter Truth(2021) Feeding the Dark
31%
Origin(2000) Field of Innocence
31%
Lost Whispers(2016) If You Don't Mind
30%
Synthesis(2017) Overture
30%
The Bitter Truth(2021) Part of Me
30%
Evanescence(1998) Solitude
30%
Origin(2000) Away from Me
28%
Evanescence(2011) End of the Dream
28%
Origin(2000) Eternal
28%
Evanescence(1998) Exodus
28%
Evanescence(Bonus)(2011) Say You Will
28%
Synthesis(2017) Unraveling
28%
Evanescence(1998) Where Will You Go?
28%
Evanescence(1998) October
27%
Lost Whispers(2016) Together Again
27%
Evanescence(1998) Understanding
27%
Evanescence(1998) So Close
25%
Synthesis(2017) The In-Between
25%
Evanescence(1998) Give Unto Me
23%
Sound Asleep(1999) Forgive Me
22%
Sound Asleep(1999) Ascension of the Spirit
19%
Evanescence(1998) Untitled
14%
No matching quizzes found
Score Distribution
Percent of People with Each Score
Percentile by Number Answered
Your Score History
You have not taken this quiz since the last reset